| 000 | 01170nam a2200301 4500 | ||
|---|---|---|---|
| 003 | BOFEUTO | ||
| 005 | 20260512105758.0 | ||
| 007 | ta | ||
| 008 | 260504t2025 bo a gr 001 | spa d | ||
| 040 |
_6BOFEUTO _aBOFEUTO _cBOFEUTO |
||
| 041 | _aspa | ||
| 044 | _abo | ||
| 082 |
_aTE6281 _bAt862p |
||
| 100 |
_aAtahuichi Aguilar, Jhenny Gilda _eautor |
||
| 245 |
_aPlan de negocios para la elaboración de cintas adhesivas de embalaje personalizas ecológicas con plástico reciclado para la ciudad de Oruro / _cJhenny Gilda Atahuichi Aguilar, Clara Rojas Paredes |
||
| 260 |
_aOruro : _bs/n, _c2025. |
||
| 300 |
_a185 hojas ; _bcuadros, tabl., gráf. ; _c28.5 cm. |
||
| 500 | _aIncluye bibliografía, anexos. | ||
| 502 | _aTesis Dirigida - Plan de Negocios, (Licenciatura) -- Universidad Técnica de Oruro, Facultad de Ciencias Económicas, Financieras y Administrativas, Carrera Administración de Empresas, 2025. | ||
| 650 | _aAdministración | ||
| 653 | _aNegocios | ||
| 653 | _aAnálisis de mercado | ||
| 653 | _aInvestigación de mercado | ||
| 653 | _aAnálisis FODA | ||
| 700 |
_aRojas Paredes, Clara _etutor |
||
| 942 |
_2ddc _cTE _n0 |
||
| 942 |
_n0 _2ddc |
||
| 999 |
_c16136 _d16136 |
||